[Event "IV Copa Marcel Duchamp 2020"]
[Site "Montevideo"]
[Date "2020.02.15"]
[Round "9.5"]
[White "Hoffman, Alejandro"]
[Black "Michailov, Matias"]
[Result "1/2-1/2"]
[WhiteElo "2472"]
[BlackElo "2262"]
[Annotator "ChessBase"]
[PlyCount "160"]
[EventDate "2020.02.08"]
[EventType "swiss"]
[EventCountry "URU"]
[SourceTitle "playchess.com"]
[Source "ChessBase"]
[SourceQuality "1"]
[TimeControl "5400+30"]

1. d4 {[%emt 0:03:49]} Nf6 {[%emt 0:02:54]} 2. g3 {[%emt 0:00:31]} g6 {[%emt 0:03:57]} 3. Bg2 {[%emt 0:00:08]} Bg7 {[%emt 0:00:07]} 4. e4 {[%emt 0:00:13]} d6 {[%emt 0:01:56]} 5. Nc3 {[%emt 0:00:54]} O-O {[%emt 0:02:22]} 6. Nge2 {[%emt 0:00:15]} e5 {[%emt 0:05:53]} 7. h3 {[%emt 0:00:22]} c6 {[%emt 0:06:27]} 8. a4 {[%emt 0:00:33]} Qc7 {[%emt 0:01:01]} 9. O-O {[%emt 0:00:52]} a5 {[%emt 0:03:03]} 10. Be3 {[%emt 0:01:10]} Na6 {[%emt 0:01:09]} 11. f4 {[%emt 0:05:21]} exd4 {[%emt 0:03:38]} 12. Bxd4 {[%emt 0:00:34]} Nb4 {[%emt 0:02:18]} 13. g4 {[%emt 0:03:41]} Re8 {[%emt 0:16:25]} 14. Ng3 {[%emt 0:05:26]} b6 {[%emt 0:08:35]} 15. Rf2 {[%emt 0:04:02]} Ba6 {[%emt 0:08:14]} 16. g5 {[%emt 0:03:03]} Nd7 {[%emt 0:00:05]} 17. Bxg7 {[%emt 0:00:09]} Kxg7 {[%emt 0:00:04]} 18. Qd4+ {[%emt 0:00:18]} Kg8 {[%emt 0:01:22]} 19. Rd1 {[%emt 0:00:13]} Rad8 {[%emt 0:08:32]} 20. Qxd6 {[%emt 0:01:04]} Qa7 {[%emt 0:01:02]} 21. e5 {[%emt 0:02:50]} Nf8 {[%emt 0:06:31]} 22. Qxd8 {[%emt 0:01:15]} Rxd8 {[%emt 0:00:03]} 23. Rxd8 {[%emt 0:00:07]} b5 {[%emt 0:00:27]} 24. Nge4 {[%emt 0:01:33]} Kg7 {[%emt 0:02:51]} 25. Nf6 {[%emt 0:01:04]} Qe3 {[%emt 0:05:49]} 26. Ne8+ {[%emt 0:07:00]} Kg8 {[%emt 0:04:45]} 27. Ne4 {[%emt 0:00:32]} Nd5 {[%emt 0:00:48]} 28. N8f6+ {[%emt 0:03:14]} Kg7 {[%emt 0:00:14]} 29. Ne8+ {[%emt 0:05:53]} Kg8 {[%emt 0:00:04]} 30. N4f6+ {[%emt 0:00:08]} Nxf6 {[%emt 0:00:43]} 31. Nxf6+ {[%emt 0:00:28]} Kg7 {[%emt 0:00:04]} 32. Bxc6 {[%emt 0:08:01]} bxa4 {[%emt 0:01:48]} 33. Rb8 {[%emt 0:22:57]} a3 {[%emt 0:02:15]} 34. bxa3 {[%emt 0:00:15]} Qxa3 {[%emt 0:00:16]} 35. Kg2 {[%emt 0:01:29]} Qc3 {[%emt 0:00:41]} 36. Bf3 {[%emt 0:04:59]} a4 {[%emt 0:01:00]} 37. Ne8+ {[%emt 0:00:24]} Kg8 {[%emt 0:00:07]} 38. Ra8 {[%emt 0:00:15]} Bb5 {[%emt 0:00:31]} 39. Nd6 {[%emt 0:00:40]} Bd7 {[%emt 0:00:38]} 40. Ne4 {[%emt 0:00:35]} Qe3 {[%emt 0:00:33]} 41. Nf6+ {[%emt 0:02:14]} Kg7 {[%emt 0:00:01]} 42. Nxd7 {[%emt 0:00:31]} Nxd7 {[%emt 0:00:01]} 43. Rxa4 {[%emt 0:00:09]} Nc5 {[%emt 0:00:13]} 44. Rc4 {[%emt 0:00:57]} Ne6 {[%emt 0:00:05]} 45. Bg4 {[%emt 0:00:10]} Nd4 {[%emt 0:00:53]} 46. c3 {[%emt 0:02:24]} Nf5 {[%emt 0:01:23]} 47. Bxf5 {[%emt 0:00:38]} gxf5 {[%emt 0:00:01]} 48. h4 {[%emt 0:01:45]} Kg6 {[%emt 0:01:05]} 49. Rd4 {[%emt 0:03:03]} Kh5 {[%emt 0:00:39]} 50. Rfd2 {[%emt 0:00:26]} Kg4 {[%emt 0:00:18]} 51. c4 {[%emt 0:01:05]} Qg3+ {[%emt 0:00:56]} 52. Kf1 {[%emt 0:00:38]} Qf3+ {[%emt 0:00:08]} 53. Rf2 {[%emt 0:00:30]} Qh1+ {[%emt 0:00:15]} 54. Ke2 {[%emt 0:00:07]} Qc1 {[%emt 0:00:38]} 55. Kd3 {[%emt 0:01:00]} Qa3+ {[%emt 0:00:21]} 56. Ke2 {[%emt 0:00:53]} Qc1 {[%emt 0:00:29]} 57. h5 {[%emt 0:01:02]} Qb2+ {[%emt 0:00:56]} 58. Ke3 {[%emt 0:01:31]} Qc3+ {[%emt 0:00:23]} 59. Rd3 {[%emt 0:00:10]} Qe1+ {[%emt 0:00:49]} 60. Re2 {[%emt 0:00:18]} Qg1+ {[%emt 0:00:18]} 61. Kd2 {[%emt 0:00:42]} Kxf4 {[%emt 0:00:30]} 62. g6 {[%emt 0:00:32]} hxg6 {[%emt 0:00:24]} 63. hxg6 {[%emt 0:00:02]} Qxg6 {[%emt 0:00:19]} 64. Rd4+ {[%emt 0:00:06]} Kg3 {[%emt 0:00:36]} 65. Re3+ {[%emt 0:00:15]} Kf2 {[%emt 0:00:46]} 66. Rf4+ {[%emt 0:00:36]} Kg2 {[%emt 0:00:05]} 67. Ke1 {[%emt 0:02:45]} Qb6 {[%emt 0:00:50]} 68. Rf2+ {[%emt 0:00:31]} Kg1 {[%emt 0:00:03]} 69. Rg3+ {[%emt 0:00:53]} Kh1 {[%emt 0:00:02]} 70. Rh3+ {[%emt 0:01:33]} Kg1 {[%emt 0:00:02]} 71. Rg3+ {[%emt 0:00:04]} Kh1 {[%emt 0:00:04]} 72. Rd3 {[%emt 0:00:10]} Qa5+ {[%emt 0:02:28]} 73. Rdd2 {[%emt 0:01:59]} Qxe5+ {[%emt 0:00:07]} 74. Kd1 {[%emt 0:00:13]} Kg1 {[%emt 0:00:47]} 75. Rg2+ {[%emt 0:00:19]} Kh1 {[%emt 0:00:03]} 76. Rge2 {[%emt 0:00:15]} Qa1+ {[%emt 0:00:21]} 77. Kc2 {[%emt 0:00:01]} Qa2+ {[%emt 0:00:40]} 78. Kd3 {[%emt 0:00:18]} Qa3+ {[%emt 0:00:19]} 79. Kd4 {[%emt 0:00:53]} Qd6+ {[%emt 0:00:05]} 80. Kc3 {[%emt 0:00:22]} Qa3+ {[%emt 0:00:04]} 1/2-1/2

[Event "IV Copa Marcel Duchamp 2020"]
[Site "Montevideo"]
[Date "2020.02.15"]
[Round "9.6"]
[White "Mussanti, Diego"]
[Black "Lima, Darcy"]
[Result "1/2-1/2"]
[WhiteElo "2330"]
[BlackElo "2526"]
[Annotator "RC"]
[PlyCount "134"]
[EventDate "2020.02.08"]
[EventType "swiss"]
[EventCountry "URU"]
[SourceTitle "playchess.com"]
[Source "ChessBase"]
[SourceQuality "1"]
[TimeControl "5400+30"]

1. e4 {[%emt 0:00:00]} b6 {[%emt 0:01:16]} 2. d4 {[%emt 0:00:21]} Bb7 {[%emt 0:00:10]} 3. Nc3 {[%emt 0:00:17]} e6 {[%emt 0:00:13]} 4. Bd3 {[%emt 0:00:34]} Nf6 {[%emt 0:03:45]} 5. Nge2 {[%emt 0:01:44]} c5 {[%emt 0:04:50]} 6. O-O {[%emt 0:01:44]} Nc6 {[%emt 0:09:43]} 7. d5 {[%emt 0:04:53]} Nb4 {[%emt 0:02:43]} 8. a3 {[%emt 0:14:59]} Nxd3 {[%emt 0:00:31]} 9. Qxd3 {[%emt 0:00:06]} a6 {[%emt 0:08:14]} 10. Bg5 {[%emt 0:17:04]} d6 {[%emt 0:11:39]} 11. dxe6 {[%emt 0:03:51]} fxe6 {[%emt 0:00:06]} 12. Nf4 {[%emt 0:00:31]} Qd7 {[%emt 0:09:22]} 13. Bxf6 {[%emt 0:06:53]} gxf6 {[%emt 0:00:14]} 14. Qh3 {[%emt 0:00:12]} Bc8 {[%emt 0:06:01]} 15. Rad1 {[%emt 0:09:28]} Qf7 {[%emt 0:02:45]} 16. Qf3 {[%emt 0:03:16]} Rb8 {[%emt 0:01:45]} 17. Rd3 {[%emt 0:06:23]} Be7 {[%emt 0:02:05]} 18. Nce2 {[%emt 0:03:28]} O-O {[%emt 0:01:12]} 19. Ng3 {[%emt 0:00:11]} Kh8 {[%emt 0:00:17]} 20. Qd1 {[%emt 0:02:08]} Rb7 {[%emt 0:03:21]} 21. Nfe2 {[%emt 0:02:48]} Rg8 {[%emt 0:00:39]} 22. f4 {[%emt 0:01:30]} f5 {[%emt 0:05:50]} 23. exf5 {[%emt 0:00:27]} exf5 24. Nc3 {[%emt 0:00:27]} Rg6 {[%emt 0:00:49]} 25. Nd5 {[%emt 0:00:37]} Bf8 {[%emt 0:00:04]} 26. c4 {[%emt 0:01:19]} b5 {[%emt 0:00:08]} 27. b3 {[%emt 0:00:22]} Be6 {[%emt 0:04:56]} 28. Nh5 {[%emt 0:02:22]} Bxd5 {[%emt 0:03:10]} 29. Rxd5 {[%emt 0:00:50]} bxc4 {[%emt 0:01:44]} 30. bxc4 {[%emt 0:00:08]} Rb2 {[%emt 0:00:14]} 31. Ng3 {[%emt 0:00:26]} Bg7 {[%emt 0:00:28]} 32. Kh1 {[%emt 0:03:44]} Bd4 {[%emt 0:01:24]} 33. Rxf5 {[%emt 0:01:09]} Qxc4 {[%emt 0:00:45]} 34. Rf8+ {[%emt 0:02:47]} Kg7 {[%emt 0:01:50]} 35. Rd8 {[%emt 0:00:30]} Qd5 {[%emt 0:00:51]} 36. Rd7+ {[%emt 0:01:16]} Kg8 {[%emt 0:00:17]} 37. Qf3 {[%emt 0:01:29]} Qxf3 {[%emt 0:00:16]} 38. Rxf3 {[%emt 0:01:17]} Rb1+ {[%emt 0:00:13]} 39. Nf1 {[%emt 0:00:15]} c4 {[%emt 0:01:23]} 40. f5 {[%emt 0:00:10]} Rh6 {[%emt 0:01:10]} 41. Rc7 {[%emt 0:02:15]} c3 {[%emt 0:02:02]} 42. g4 {[%emt 0:00:07]} Bc5 {[%emt 0:00:50]} 43. f6 {[%emt 0:01:38]} Rxf6 {[%emt 0:01:34]} 44. Rxf6 {[%emt 0:00:11]} c2 {[%emt 0:00:04]} 45. Rff7 {[%emt 0:01:09]} Bd4 {[%emt 0:06:46]} 46. Kg2 {[%emt 0:00:52]} c1=Q {[%emt 0:00:38]} 47. Rxc1 {[%emt 0:00:06]} Rb2+ {[%emt 0:00:17]} 48. Kh3 {[%emt 0:02:43]} Kxf7 {[%emt 0:00:11]} 49. Ng3 {[%emt 0:00:06]} Ra2 {[%emt 0:02:13]} 50. Rc6 {[%emt 0:00:31]} Rxa3 {[%emt 0:00:29]} 51. Rxd6 {[%emt 0:00:05]} Be5 {[%emt 0:00:47]} 52. Rh6 {[%emt 0:00:25]} Kg7 {[%emt 0:01:16]} 53. Rc6 {[%emt 0:00:39]} Ra2 {[%emt 0:01:06]} 54. g5 {[%emt 0:00:27]} a5 {[%emt 0:00:09]} 55. Ra6 {[%emt 0:00:25]} a4 {[%emt 0:00:11]} 56. Kg4 {[%emt 0:00:29]} a3 {[%emt 0:00:26]} 57. Nh5+ {[%emt 0:01:01]} Kf7 {[%emt 0:00:08]} 58. Kf5 {[%emt 0:00:08]} Bd4 {[%emt 0:00:12]} 59. Ke4 {[%emt 0:01:55]} Bc5 {[%emt 0:00:01]} 60. Nf4 {[%emt 0:01:31]} Rxh2 {[%emt 0:00:24]} 61. Nd3 {[%emt 0:00:10]} Re2+ {[%emt 0:01:32]} 62. Kf5 {[%emt 0:00:10]} Bf8 {[%emt 0:01:54]} 63. Ne5+ {[%emt 0:00:34]} Kg8 {[%emt 0:00:14]} 64. Ra8 {[%emt 0:00:48]} a2 {[%emt 0:00:27]} 65. Nd7 {[%emt 0:00:29]} Rf2+ {[%emt 0:00:25]} 66. Kg4 {[%emt 0:00:19]} Kg7 {[%emt 0:00:50]} 67. Nxf8 {[%emt 0:00:08]} Rxf8 1/2-1/2

[Event "IV Copa Marcel Duchamp 2020"]
[Site "Montevideo"]
[Date "2020.02.15"]
[Round "9.7"]
[White "Diaz Hollemaert, Nahuel"]
[Black "Lopez Azambuja, Nicolas"]
[Result "1/2-1/2"]
[WhiteElo "2450"]
[BlackElo "2310"]
[Annotator "ChessBase"]
[PlyCount "43"]
[EventDate "2020.02.08"]
[EventType "swiss"]
[EventCountry "URU"]
[SourceTitle "playchess.com"]
[Source "ChessBase"]
[SourceQuality "1"]
[TimeControl "5400+30"]

1. c4 {[%emt 0:04:49]} Nf6 {[%emt 0:00:52]} 2. g3 {[%emt 0:04:11]} e6 {[%emt 0:01:01]} 3. Bg2 {[%emt 0:00:05]} d5 {[%emt 0:00:30]} 4. Nf3 {[%emt 0:00:57]} dxc4 {[%emt 0:02:29]} 5. Qa4+ {[%emt 0:00:07]} Bd7 {[%emt 0:00:33]} 6. Qxc4 {[%emt 0:00:04]} c5 {[%emt 0:00:15]} 7. Ne5 {[%emt 0:11:12]} Qc8 {[%emt 0:03:37]} 8. b3 {[%emt 0:09:17]} Nc6 {[%emt 0:02:52]} 9. f4 {[%emt 0:11:33]} b5 {[%emt 0:17:53]} 10. Qc2 {[%emt 0:07:41]} Nxe5 {[%emt 0:04:25]} 11. fxe5 {[%emt 0:00:01]} Bc6 {[%emt 0:01:08]} 12. exf6 {[%emt 0:01:56]} Bxg2 {[%emt 0:00:08]} 13. Rg1 {[%emt 0:00:03]} Bb7 {[%emt 0:05:29]} 14. fxg7 {[%emt 0:09:24]} Bxg7 {[%emt 0:02:36]} 15. Bb2 {[%emt 0:00:04]} e5 {[%emt 0:01:22]} 16. g4 {[%emt 0:08:03]} O-O {[%emt 0:03:46]} 17. Na3 {[%emt 0:06:29]} Qc6 {[%emt 0:04:36]} 18. Rc1 {[%emt 0:00:38]} Rac8 {[%emt 0:01:48]} 19. Qf5 {[%emt 0:00:31]} Rcd8 {[%emt 0:08:01]} 20. Qf2 {[%emt 0:04:47]} Qd6 {[%emt 0:13:29]} 21. Nb1 {[%emt 0:08:28]} Rc8 {[%emt 0:03:56]} 22. Rg3 {[%emt 0:01:29]} 1/2-1/2

[Event "IV Copa Marcel Duchamp 2020"]
[Site "Montevideo"]
[Date "2020.02.15"]
[Round "9.8"]
[White "Roselli Mailhe, Bernardo"]
[Black "Brizzi, Milagros Tatiana"]
[Result "1-0"]
[WhiteElo "2433"]
[BlackElo "2022"]
[Annotator "ChessBase"]
[PlyCount "145"]
[EventDate "2020.02.08"]
[EventType "swiss"]
[EventCountry "URU"]
[SourceTitle "playchess.com"]
[Source "ChessBase"]
[SourceQuality "1"]
[TimeControl "5400+30"]

1. d4 {[%emt 0:00:00]} d5 {[%emt 0:00:00]} 2. c4 {[%emt 0:00:00]} c6 {[%emt 0:00:00]} 3. Nf3 {[%emt 0:00:00]} Nf6 {[%emt 0:00:03]} 4. e3 {[%emt 0:00:00]} Bf5 {[%emt 0:00:33]} 5. Nc3 {[%emt 0:00:02]} e6 {[%emt 0:00:10]} 6. Nh4 {[%emt 0:00:09]} Bg6 {[%emt 0:00:17]} 7. Nxg6 {[%emt 0:00:54]} hxg6 {[%emt 0:00:05]} 8. Bd2 {[%emt 0:00:43]} Nbd7 {[%emt 0:03:35]} 9. cxd5 {[%emt 0:05:13]} exd5 {[%emt 0:00:27]} 10. Qc2 {[%emt 0:00:08]} Be7 {[%emt 0:00:44]} 11. Bd3 {[%emt 0:06:31]} Qc7 {[%emt 0:03:22]} 12. h3 {[%emt 0:00:17]} Rc8 {[%emt 0:02:35]} 13. O-O-O {[%emt 0:06:44]} c5 {[%emt 0:12:23]} 14. Kb1 {[%emt 0:15:29]} a6 {[%emt 0:02:59]} 15. g4 {[%emt 0:05:08]} c4 {[%emt 0:02:53]} 16. Be2 {[%emt 0:09:00]} Qc6 {[%emt 0:01:24]} 17. Bf3 {[%emt 0:07:02]} Nb6 {[%emt 0:16:42]} 18. g5 {[%emt 0:02:13]} Nh5 {[%emt 0:02:22]} 19. Rhg1 {[%emt 0:06:25]} Rd8 {[%emt 0:03:31]} 20. Rde1 {[%emt 0:03:24]} Kf8 {[%emt 0:06:30]} 21. Qd1 {[%emt 0:11:50]} Qc7 {[%emt 0:04:48]} 22. a3 {[%emt 0:03:57]} Qd7 {[%emt 0:05:05]} 23. Bg4 {[%emt 0:00:43]} Qe8 {[%emt 0:01:14]} 24. f4 {[%emt 0:00:15]} f5 {[%emt 0:01:17]} 25. gxf6 {[%emt 0:05:08]} gxf6 {[%emt 0:00:41]} 26. f5 {[%emt 0:00:55]} Ng7 {[%emt 0:01:45]} 27. fxg6 {[%emt 0:03:09]} Qxg6+ {[%emt 0:00:17]} 28. Ka2 {[%emt 0:00:19]} Qf7 {[%emt 0:01:34]} 29. Ne2 {[%emt 0:01:33]} Nc8 {[%emt 0:00:47]} 30. Bxc8 {[%emt 0:01:32]} Rxc8 {[%emt 0:00:06]} 31. Nf4 {[%emt 0:00:03]} Rg8 {[%emt 0:03:14]} 32. Qf3 {[%emt 0:02:39]} Ne6 {[%emt 0:06:34]} 33. Rxg8+ {[%emt 0:01:28]} Qxg8 {[%emt 0:02:05]} 34. Qxd5 {[%emt 0:01:40]} Nxf4 {[%emt 0:00:42]} 35. Qxg8+ {[%emt 0:00:11]} Kxg8 {[%emt 0:00:05]} 36. exf4 {[%emt 0:00:04]} Kf7 {[%emt 0:00:07]} 37. f5 {[%emt 0:00:46]} Rd8 {[%emt 0:00:47]} 38. Bc3 {[%emt 0:00:38]} Rd5 {[%emt 0:00:21]} 39. Rf1 {[%emt 0:00:11]} Bf8 {[%emt 0:00:14]} 40. Kb1 {[%emt 0:00:29]} b5 {[%emt 0:02:25]} 41. Kc2 {[%emt 0:00:39]} Bh6 {[%emt 0:01:14]} 42. Rf3 {[%emt 0:00:08]} Bg5 {[%emt 0:00:26]} 43. Kd1 {[%emt 0:00:43]} a5 {[%emt 0:00:24]} 44. Bxa5 {[%emt 0:01:11]} Rxd4+ {[%emt 0:00:07]} 45. Ke2 {[%emt 0:00:08]} Re4+ {[%emt 0:00:35]} 46. Kf1 {[%emt 0:00:13]} Re5 {[%emt 0:00:52]} 47. Bc3 {[%emt 0:00:20]} Re4 {[%emt 0:00:09]} 48. Kg2 {[%emt 0:00:49]} Bh4 {[%emt 0:00:16]} 49. Rf1 {[%emt 0:00:46]} Bg5 {[%emt 0:01:49]} 50. Rd1 {[%emt 0:01:48]} Re2+ {[%emt 0:02:53]} 51. Kf3 {[%emt 0:00:06]} Re3+ {[%emt 0:00:09]} 52. Kf2 {[%emt 0:00:09]} Rxh3 {[%emt 0:05:24]} 53. Rd7+ {[%emt 0:00:05]} Ke8 {[%emt 0:00:34]} 54. Rb7 {[%emt 0:00:05]} Rd3 {[%emt 0:02:29]} 55. Rxb5 {[%emt 0:00:14]} Kd7 {[%emt 0:00:15]} 56. Rb4 {[%emt 0:02:11]} Rd5 {[%emt 0:00:15]} 57. Rxc4 {[%emt 0:00:08]} Rxf5+ {[%emt 0:00:03]} 58. Ke2 {[%emt 0:00:19]} Rb5 {[%emt 0:01:30]} 59. a4 {[%emt 0:00:49]} Rb3 {[%emt 0:01:04]} 60. Kd3 {[%emt 0:00:48]} Rb6 {[%emt 0:00:22]} 61. Bd4 {[%emt 0:00:58]} Ra6 {[%emt 0:00:51]} 62. b3 {[%emt 0:00:42]} Ke6 {[%emt 0:01:38]} 63. Rc5 {[%emt 0:00:31]} Bf4 {[%emt 0:00:55]} 64. Kc4 {[%emt 0:00:28]} Bd6 {[%emt 0:00:12]} 65. Rh5 {[%emt 0:00:31]} Ra8 {[%emt 0:00:44]} 66. a5 {[%emt 0:00:23]} Be5 {[%emt 0:02:00]} 67. Bb6 {[%emt 0:00:23]} Rc8+ {[%emt 0:00:55]} 68. Kb5 {[%emt 0:00:13]} Kd5 {[%emt 0:00:09]} 69. a6 {[%emt 0:00:22]} Ra8 {[%emt 0:00:30]} 70. a7 {[%emt 0:00:20]} Kd6 {[%emt 0:00:33]} 71. Rh1 {[%emt 0:00:20]} Kd7 {[%emt 0:00:32]} 72. Rd1+ {[%emt 0:00:09]} Ke6 {[%emt 0:00:48]} 73. Rd8 {[%emt 0:00:30] Kd5} 1-0

[Event "IV Copa Marcel Duchamp 2020"]
[Site "Montevideo"]
[Date "2020.02.15"]
[Round "9.9"]
[White "Amura, Claudia"]
[Black "Menna Barreto, Felipe Kubiaki"]
[Result "1/2-1/2"]
[WhiteElo "2245"]
[BlackElo "2395"]
[Annotator "ChessBase"]
[PlyCount "65"]
[EventDate "2020.02.08"]
[EventType "swiss"]
[EventCountry "URU"]
[SourceTitle "playchess.com"]
[Source "ChessBase"]
[SourceQuality "1"]
[TimeControl "5400+30"]

1. d4 {[%emt 0:00:00]} d5 {[%emt 0:00:00]} 2. c4 {[%emt 0:01:21]} dxc4 {[%emt 0:00:29]} 3. e4 {[%emt 0:01:08]} Nc6 {[%emt 0:01:06]} 4. Be3 {[%emt 0:03:47]} Nf6 {[%emt 0:04:23]} 5. e5 {[%emt 0:15:16]} Nd5 {[%emt 0:05:27]} 6. Bxc4 {[%emt 0:00:10]} Bf5 {[%emt 0:11:47]} 7. Nc3 {[%emt 0:07:13]} Ncb4 {[%emt 0:05:47]} 8. Rc1 {[%emt 0:02:16]} e6 {[%emt 0:02:51]} 9. Nf3 {[%emt 0:04:47]} Be7 {[%emt 0:01:30]} 10. a3 {[%emt 0:04:07]} Nxc3 {[%emt 0:00:55]} 11. bxc3 {[%emt 0:00:05]} Nd5 {[%emt 0:00:17]} 12. Qb3 {[%emt 0:00:15]} O-O {[%emt 0:05:12]} 13. O-O {[%emt 0:00:13]} Rb8 {[%emt 0:02:08]} 14. Rfd1 {[%emt 0:03:11]} c6 {[%emt 0:03:04]} 15. Bd3 {[%emt 0:00:45]} Bxd3 {[%emt 0:12:22]} 16. Rxd3 {[%emt 0:00:06]} b5 {[%emt 0:01:38]} 17. Nd2 {[%emt 0:08:07]} Qa5 {[%emt 0:03:24]} 18. Ne4 {[%emt 0:03:19]} Qa4 {[%emt 0:07:40]} 19. Qxa4 {[%emt 0:15:39]} bxa4 {[%emt 0:00:03]} 20. c4 {[%emt 0:00:06]} Nxe3 {[%emt 0:01:57]} 21. fxe3 {[%emt 0:01:00]} f6 {[%emt 0:03:24]} 22. exf6 {[%emt 0:00:25]} gxf6 {[%emt 0:00:17]} 23. c5 {[%emt 0:00:48]} Rfd8 {[%emt 0:01:33]} 24. Rc4 {[%emt 0:03:14]} f5 {[%emt 0:01:52]} 25. Nd6 {[%emt 0:06:05]} Rb1+ {[%emt 0:10:17]} 26. Kf2 {[%emt 0:00:16]} Rb2+ {[%emt 0:00:29]} 27. Kf3 {[%emt 0:00:33]} Bxd6 {[%emt 0:03:15]} 28. cxd6 {[%emt 0:00:05]} Rxd6 {[%emt 0:00:25]} 29. Rxa4 {[%emt 0:02:36]} e5 {[%emt 0:00:52]} 30. Rc3 {[%emt 0:01:08]} exd4 {[%emt 0:02:03]} 31. exd4 {[%emt 0:02:38]} Rd2 {[%emt 0:00:27]} 32. Rcc4 {[%emt 0:02:47]} a5 {[%emt 0:01:05]} 33. Rxa5 {[%emt 0:03:18]} 1/2-1/2

[Event "IV Copa Marcel Duchamp 2020"]
[Site "Montevideo"]
[Date "2020.02.15"]
[Round "9.10"]
[White "Rodriguez Vila, Andres"]
[Black "Muniz, Rafael"]
[Result "1-0"]
[WhiteElo "2492"]
[BlackElo "2232"]
[Annotator "ChessBase"]
[PlyCount "85"]
[EventDate "2020.02.08"]
[EventType "swiss"]
[EventCountry "URU"]
[SourceTitle "playchess.com"]
[Source "ChessBase"]
[SourceQuality "1"]
[TimeControl "5400+30"]

1. d4 {[%emt 0:00:00]} Nf6 {[%emt 0:00:00]} 2. Bf4 {[%emt 0:00:00]} d5 {[%emt 0:00:00]} 3. e3 {[%emt 0:00:19]} e6 {[%emt 0:00:28]} 4. Nc3 {[%emt 0:00:48]} a6 {[%emt 0:00:14]} 5. g4 {[%emt 0:00:09]} c5 {[%emt 0:02:39]} 6. g5 {[%emt 0:00:05]} Nfd7 {[%emt 0:05:10]} 7. Nf3 {[%emt 0:00:25]} Nc6 {[%emt 0:00:59]} 8. Bg2 {[%emt 0:00:04]} Be7 {[%emt 0:01:56]} 9. h4 {[%emt 0:00:08]} Qa5 {[%emt 0:04:06]} 10. O-O {[%emt 0:03:42]} h6 {[%emt 0:09:23]} 11. gxh6 {[%emt 0:10:21]} gxh6 {[%emt 0:00:16]} 12. e4 {[%emt 0:01:55]} cxd4 {[%emt 0:14:40]} 13. Nxd4 {[%emt 0:01:58]} Nxd4 {[%emt 0:02:01]} 14. Qxd4 {[%emt 0:00:02]} Bf6 {[%emt 0:00:14]} 15. e5 {[%emt 0:00:07]} Bg7 {[%emt 0:05:44]} 16. Rfe1 {[%emt 0:00:43]} Qc5 {[%emt 0:03:03]} 17. Qd3 {[%emt 0:02:58]} Nb6 {[%emt 0:07:15]} 18. a4 {[%emt 0:00:14]} Bd7 {[%emt 0:04:26]} 19. a5 {[%emt 0:03:45]} Nc8 {[%emt 0:01:36]} 20. Qg3 {[%emt 0:00:06]} Bf8 {[%emt 0:03:40]} 21. b4 {[%emt 0:15:44]} Qxb4 {[%emt 0:11:55]} 22. Reb1 {[%emt 0:00:33]} Qc5 {[%emt 0:01:06]} 23. Rxb7 {[%emt 0:01:33]} Ne7 {[%emt 0:02:57]} 24. Rxd7 {[%emt 0:02:23]} Kxd7 {[%emt 0:01:08]} 25. Na4 {[%emt 0:00:06]} Qxa5 {[%emt 0:01:13]} 26. Qb3 {[%emt 0:01:13]} Ke8 {[%emt 0:01:50]} 27. Rb1 {[%emt 0:14:07]} Rg8 {[%emt 0:07:05]} 28. Qb7 {[%emt 0:00:51]} Rd8 {[%emt 0:00:29]} 29. Nb6 {[%emt 0:01:18]} Qc3 {[%emt 0:02:11]} 30. Qxa6 {[%emt 0:02:08]} Bg7 {[%emt 0:01:56]} 31. Kh1 {[%emt 0:06:54]} Kf8 {[%emt 0:03:43]} 32. Nd7+ {[%emt 0:18:19]} Ke8 {[%emt 0:00:07]} 33. Nb8 {[%emt 0:00:12]} Qc4 {[%emt 0:01:01]} 34. Qa5 {[%emt 0:03:15]} Qxf4 {[%emt 0:01:05]} 35. Qb5+ {[%emt 0:02:09]} Kf8 {[%emt 0:00:30]} 36. Nd7+ {[%emt 0:00:03]} Rxd7 {[%emt 0:01:05]} 37. Qb8+ {[%emt 0:00:02]} Nc8 {[%emt 0:00:39]} 38. Qxc8+ {[%emt 0:00:02]} Ke7 {[%emt 0:00:06]} 39. Qc5+ {[%emt 0:00:02]} Ke8 {[%emt 0:00:09]} 40. Rb8+ {[%emt 0:00:03]} Rd8 {[%emt 0:00:18]} 41. Qc6+ {[%emt 0:00:03]} Ke7 {[%emt 0:00:09]} 42. Qc7+ {[%emt 0:00:02]} Rd7 {[%emt 0:00:13]} 43. Qc5+ {[%emt 0:00:02]} 1-0